000 00893nam a22002897a 4500
001 BR7400773
003 BR-BrBNA
005 20230928084527.0
007 ta
008 230509b bl.||||| |||| 00| 0 por d
040 _aBR-BrBNA
_bpor
_cBiblioteca Nacional de Agricultura
041 _a(Por)
072 _aE10; E70; F00
_b0150
_b/G514
090 _ 0150 BR7400773
100 1 _aSouza, A.J. de
110 1 _aCoordenadoria de Assistencia Tecnica Integral, Campinas, SP (Brasil). Depto. de Orientacao Tecnica
_92968
245 1 _aCultura do arroz. Diagnostico da situacao, medidas corretivas [producao, comercializacao, consumo, preco, Brasil]
260 3 _aCampinas, SP (Brasil):
_c1968.
300 _a51 p.
500 _a13 ref.
650 _aCOMERCIALIZACAO
650 _aARROZ
650 _aCONSUMO
650 _aPRECO
909 _a202309
_bLucia
_c55
_dLucia Elande
942 _cBK
999 _c19544
_d19544